000
00306nam a22001337a 4500
008
181009b xxu||||| |||| 00| 0 eng d
020
_a
9780321127624
041
_a
eng
080
_2
3rd
_a
510
100
_a
38
101
_a
MAT
245
_a
Beginning & Intermediate Algebra
_c
Lial,M.L
942
_2
udc
_c
BK
999
_c
49207
_d
49207